| 000 -LEADER |
| fixed length control field |
00848nam a2200193 4500 |
| 001 - CONTROL NUMBER |
| control field |
22673 |
| 003 - CONTROL NUMBER IDENTIFIER |
| control field |
BD-DhUAP |
| 005 - DATE AND TIME OF LATEST TRANSACTION |
| control field |
20250420091957.0 |
| 008 - FIXED-LENGTH DATA ELEMENTS--GENERAL INFORMATION |
| fixed length control field |
250417b20232024bg |||| |||| 001 0aban d |
| 020 ## - INTERNATIONAL STANDARD BOOK NUMBER |
| International Standard Book Number |
9789843548887 |
| 040 ## - CATALOGING SOURCE |
| Original cataloging agency |
BD-DhUAP |
| Language of cataloging |
Ban |
| Transcribing agency |
BD-DhUAP |
| Modifying agency |
BD-DhUAP |
| 082 ## - DEWEY DECIMAL CLASSIFICATION NUMBER |
| Edition number |
23 |
| Classification number |
343.052 INC |
| 245 ## - TITLE STATEMENT |
| Title |
আয়কর বিধিমালা : |
| Remainder of title |
আয়কর সম্পকিত অন্যান্য বিধিমালাসমূহ/ |
| Statement of responsibility, etc. |
লাল বাহাদুর অধিকারী। |
| 260 ## - PUBLICATION, DISTRIBUTION, ETC. |
| Place of publication, distribution, etc. |
ঢাকা : |
| Name of publisher, distributor, etc. |
সুপ্রীম প্রকাশনী, |
| Date of publication, distribution, etc. |
২০২৪। |
| 300 ## - PHYSICAL DESCRIPTION |
| Extent |
১৬৬ এ-১১২ পৃষ্ঠা ; |
| Dimensions |
২২ সেমি.। |
| 650 ## - SUBJECT ADDED ENTRY--TOPICAL TERM |
| Topical term or geographic name entry element |
Taxes appellate tribunal (procedure) Rules |
| 700 ## - ADDED ENTRY--PERSONAL NAME |
| Personal name |
অধিকারী, লাল বাহাদুর। |
| 942 ## - ADDED ENTRY ELEMENTS (KOHA) |
| Source of classification or shelving scheme |
|
| Koha item type |
Book |